000 00697nam a2200241Ia 4500
003 0100
008 130307s9999 xx 000 0 und d
020 _a0797416587
040 _cARRUPELIB
050 _aRA643.86.Z55C55 1997
100 _aChiweza, David
245 _aHIV and AIDS : the last stand
245 _bthe total strategy for the annihilation of HIV and AIDS in Zimbabwe and the rest of the world
260 _aCauseway, Harare
260 _bAble City
260 _cc1997.
300 _a127 p. : ill.
300 _b21 cm.
650 _bSocial sciences -- Periodicals
650 _cAfrica, Southern--Periodicals
650 _dAfrica, Central -- Periodicals
942 0 0 _05
999 _c94622
_d94622